Vía chilena al socialismo /
Shranjeno v:
| Glavni avtor: | |
|---|---|
| Format: | Texto |
| Teme: | |
| Oznake: |
Označite
Brez oznak, prvi označite!
|
MARC
| LEADER | 00000 a a2200000 04500 | ||
|---|---|---|---|
| 001 | 13599 | ||
| 003 | |||
| 040 | |||
| 100 | |a Palma Fourcade, Aníbal | ||
| 245 | |a Vía chilena al socialismo / |c Aníbal Palma Fourcade | ||
| 650 | |a HISTORIA | ||
| 650 | |a POLITICA | ||
| 650 | |a SOCIALISMO | ||
| 650 | |a ALLENDE, SALVADOR | ||
| 650 | |a ECONOMIA | ||
| 650 | |a SALUD | ||
| 650 | |a VIVIENDA | ||
| 650 | |a EDUCACION | ||
| 650 | |a CULTURA | ||
| 650 | |a POLITICA INTERNACIONAL | ||
| 650 | |a GESTION ADMINISTRATIVA | ||
| 773 | |g número 76; páginas 3-16 | ||
| 999 | |c 31224 |d 31224 | ||
